Central Library OPAC University of Rajshahi

Zoology / (Record no. 53832)

MARC details
000 -LEADER
fixed length control field 00672nam a2200241 a 4500
001 - CONTROL NUMBER
control field 53832
003 - CONTROL NUMBER IDENTIFIER
rucl marc code BD-RjUL
005 - DATE AND TIME OF LATEST TRANSACTION
control field 20211209080028.0
008 - FIXED-LENGTH DATA ELEMENTS--GENERAL INFORMATION
fixed length control field 161026r19641961nyna|||| |||| 001 0 eng d
035 ## - SYSTEM CONTROL NUMBER
System control number (BD-RjUL)53954
040 ## - CATALOGING SOURCE
Original cataloging agency BD-RjUL
Language of cataloging eng
Transcribing agency BD-RjUL
041 ## - LANGUAGE CODE
Language code of text/sound track or separate title eng
082 ## - DEWEY DECIMAL CLASSIFICATION NUMBER
Classification number 590
Author mark and year WIZ 1964
100 10 - MAIN ENTRY--PERSONAL NAME
Personal name Winchester, A M
9 (RLIN) 160029
245 10 - TITLE STATEMENT
Title Zoology /
Statement of responsibility, etc. A M Winchester; Harvey B Lovell
250 ## - EDITION STATEMENT
Edition statement 3rd ed.
260 ## - PUBLICATION, DISTRIBUTION, ETC. (IMPRINT)
Place of publication, distribution, etc. Princeton :
Name of publisher, distributor, etc. Van Nostrand Company,
Date of publication, distribution, etc. 1961[Reprint 1964]
300 ## - PHYSICAL DESCRIPTION
Pagination viii, 645 p. :
Illustrations ill. ;
Size 24 cm.
500 ## - GENERAL NOTE
General note Includes index
650 ## - SUBJECT ADDED ENTRY--TOPICAL TERM
Topical term or geographic name as entry element Zoology.
9 (RLIN) 160790
700 ## - ADDED ENTRY--PERSONAL NAME
Personal name Lovell, Harvey B
942 ## - ADDED ENTRY ELEMENTS (KOHA)
Source of classification or shelving scheme Dewey Decimal Classification
Koha item type Books
Holdings
Lost status Source of classification or shelving scheme Damaged status Not for loan Collection code Permanent Location Current Location Shelving location Date acquired Source of acquisition Cost, normal purchase price Total Checkouts Full call number Date last seen Copy number Koha item type
  Dewey Decimal Classification     Non-fiction Central Library, University of Rajshahi Central Library, University of Rajshahi   09/09/1966 Euro pakistan 42.00   590 WIZ 1964 26/10/2016 C-2 Books
  Dewey Decimal Classification   Not For Loan Non-fiction Central Library, University of Rajshahi Central Library, University of Rajshahi Reading Room 09/09/1966 Euro-Pak 42.00   590 WIZ 1964 22/05/2017 C-1 Books
  Dewey Decimal Classification     Non-fiction Central Library, University of Rajshahi Central Library, University of Rajshahi   09/09/1966 Euro-Pak 42.00   590 WIZ 1964 27/11/2018 C-3 Books